000 00276nam a2200109Ia 4500
008 200302s9999 xx 000 0 und d
100 _aStephen Graham & Other
245 _aSplintering Urbanism
260 _bRoutledge Taylor & Francis Group
260 _c2001
300 _a479 P.,
999 _c5500
_d5500